| 000 | 00360nam a2200145Ia 4500 | ||
|---|---|---|---|
| 008 | 230312s9999||||xx |||||||||||||| ||und|| | ||
| 020 | _a978-1118218297 | ||
| 082 |
_a025.04 _bSMA-M |
||
| 100 | _aSmallwood;Robert.F | ||
| 245 | 0 | _aManaging Electronic Records | |
| 260 |
_bWiley _aUSA _c2013 |
||
| 300 | _a442 | ||
| 650 |
_aEngineering _vElectrical |
||
| 942 | _cBK | ||
| 999 |
_c14124 _d14124 |
||